[Event "Hradec Kralove Region-chT 2223"]
[Site "Czech Republic"]
[Date "2022.11.27"]
[Round "4.6"]
[White "Kohout, Jan"]
[Black "Prazak, Pavel"]
[Result "1-0"]
[WhiteElo "1912"]
[BlackElo "1731"]
[PlyCount "89"]
[EventDate "2022.10.09"]
[EventType "team-tourn"]
[EventRounds "11"]
[EventCountry "CZE"]
[SourceTitle "EXT 2024"]
[Source "ChessBase"]
[SourceDate "2023.10.10"]
[SourceVersion "1"]
[SourceVersionDate "2023.10.10"]
[SourceQuality "1"]

1. e4 c5 2. Nf3 Nc6 3. Bb5 g6 4. 0-0 Bg7 5. c3 a6 6. Ba4 b5 7. Bc2 d6 8. h3 e6 9. d4 cxd4 10. Nxd4 Nxd4 11. cxd4 Qc7 12. Be3 Bb7 13. Nd2 Nf6 14. Rc1 0-0 15. Qe2 Qd8 16. f4 d5 17. e5 Ne4 18. Bxe4 dxe4 19. Rc5 Rc8 20. Rfc1 Qd7 21. Bf2 f5 22. Nb3 Bd5 23. Rxc8 Rxc8 24. Nc5 Qd8 25. b3 Qa5 26. Be1 Qa3 27. Rc2 Bf8 28. Nd7 Bc6 29. Nf6+ Kf7 30. d5 Bc5+ 31. Bf2 Bxd5 32. Kh2 Bb7 33. Nxh7 Be7 34. Rxc8 Bxc8 35. Qc2 Bb7 36. Qc7 Bd5 37. Bh4 e3 38. Bf6 Qc5 39. Ng5+ Kg8 40. Qxe7 Qxe7 41. Bxe7 a5 42. Bc5 e2 43. Bf2 a4 44. bxa4 b4 45. Be1 1-0

[Event "Hradec Kralove Region-chT 2223"]
[Site "Czech Republic"]
[Date "2022.10.09"]
[Round "1.4"]
[White "Kohout, Jan"]
[Black "Vanicek, Vojtech"]
[Result "1-0"]
[WhiteElo "1895"]
[BlackElo "1829"]
[PlyCount "53"]
[EventDate "2022.10.09"]
[EventType "team-tourn"]
[EventRounds "11"]
[EventCountry "CZE"]
[SourceTitle "EXT 2024"]
[Source "ChessBase"]
[SourceDate "2023.10.10"]
[SourceVersion "1"]
[SourceVersionDate "2023.10.10"]
[SourceQuality "1"]

1. e4 e5 2. Nf3 Nc6 3. Bb5 a6 4. Ba4 Nf6 5. 0-0 b5 6. Bb3 Be7 7. Re1 0-0 8. a4 b4 9. c3 Rb8 10. d4 bxc3 11. bxc3 exd4 12. e5 dxc3 13. exf6 Bxf6 14. Bc2 d5 15. Nxc3 Nb4 16. Ra3 Qd6 17. Ne2 Re8 18. Re3 Bg4 19. Ng3 Rxe3 20. Bxe3 d4 21. Ne4 Qc6 22. Nxf6+ gxf6 23. Nxd4 Bxd1 24. Nxc6 Nxc2 25. Rxd1 Rb3 26. Bh6 Nd4 27. Nxd4 1-0

[Event "CZE-chT2B 1718"]
[Site "Czech Republic"]
[Date "2018.03.18"]
[Round "10.7"]
[White "Smid, Pavel"]
[Black "Kohout, Jan"]
[Result "1-0"]
[WhiteElo "1955"]
[BlackElo "1927"]
[PlyCount "89"]
[EventDate "2017.10.15"]
[EventType "team-tourn"]
[EventRounds "11"]
[EventCountry "CZE"]
[SourceTitle "EXT 2022"]
[Source "ChessBase"]
[SourceDate "2021.10.06"]
[SourceVersion "1"]
[SourceVersionDate "2021.10.06"]
[SourceQuality "1"]
[WhiteTeam "Usti nad Labem"]
[BlackTeam "Jicin"]
[WhiteTeamCountry "CZE"]
[BlackTeamCountry "CZE"]

1. d4 d6 2. e4 Nf6 3. Nc3 g6 4. Be3 Bg7 5. h3 Nbd7 6. Qd2 c6 7. Be2 0-0 8. f4 e5 9. dxe5 dxe5 10. 0-0-0 Qc7 11. g4 exf4 12. Bxf4 Ne5 13. Nf3 Nxf3 14. Bxf3 Qa5 15. Bh6 Be6 16. Bxg7 Kxg7 17. g5 Nd7 18. Bg4 Rad8 19. Bxe6 fxe6 20. h4 Ne5 21. Qe2 b5 22. Rxd8 Rxd8 23. h5 b4 24. hxg6 hxg6 25. Qf1 Rf8 26. Qh3 Kf7 27. Rf1+ Ke7 28. Rxf8 Kxf8 29. Qh8+ Ke7 30. Nd5+ cxd5 31. Qxe5 Qxa2 32. Qf6+ Kd7 33. Qg7+ Kc6 34. Qxg6 dxe4 35. Qxe4+ Kc5 36. Qe5+ Kc6 37. b3 Qa3+ 38. Kd2 Kd7 39. g6 Qa6 40. Qg7+ Kd8 41. Qf8+ Kd7 42. g7 Qc6 43. Qf7+ Kd6 44. Qf4+ Ke7 45. Qxb4+ 1-0

[Event "CZE-chT2B 1718"]
[Site "Czech Republic"]
[Date "2017.12.03"]
[Round "4.8"]
[White "Kohout, Jan"]
[Black "Zeman, Martin"]
[Result "0-1"]
[WhiteElo "1927"]
[BlackElo "1991"]
[PlyCount "146"]
[EventDate "2017.10.15"]
[EventType "team-tourn"]
[EventRounds "11"]
[EventCountry "CZE"]
[SourceTitle "EXT 2022"]
[Source "ChessBase"]
[SourceDate "2021.10.06"]
[SourceVersion "1"]
[SourceVersionDate "2021.10.06"]
[SourceQuality "1"]
[WhiteTeam "Jicin"]
[BlackTeam "Zizkov"]
[WhiteTeamCountry "CZE"]
[BlackTeamCountry "CZE"]

1. e4 c5 2. Nf3 d6 3. d4 cxd4 4. Nxd4 Nf6 5. Nc3 a6 6. Bg5 Nbd7 7. f4 Qc7 8. Qf3 h6 9. Bh4 g5 10. fxg5 hxg5 11. Bg3 Rg8 12. a4 g4 13. Qf2 Nc5 14. Bd3 Bg7 15. 0-0 Rf8 16. Rae1 Ncd7 17. Nf5 Bh8 18. Nd5 Nxd5 19. exd5 Ne5 20. Bxe5 Bxe5 21. c3 Bd7 22. Re4 Bxf5 23. Rc4 Qa5 24. Qxf5 Kd8 25. Rxg4 Qxd5 26. Bc4 Qc5+ 27. Kh1 Qb6 28. Bxf7 Qxb2 29. c4 Qe2 30. Re4 Qb2 31. h3 Qa3 32. c5 Qg3 33. Kg1 Rc8 34. Rc1 Qh2+ 35. Kf2 Bg3+ 36. Kf3 Be5 37. Rg4 Rc7 38. Qe6 Rc6 39. cxd6 Bxd6 40. Rxc6 bxc6 41. Ke4 Kc7 42. Kf5 Qg1 43. Kg6 Qf2 44. h4 Qc2+ 45. Kg7 Rd8 46. h5 Ba3 47. Qe5+ Kb7 48. h6 a5 49. Qe4 Bb2+ 50. Kg6 Rd6+ 51. Kh5 Qd1 52. Qxe7+ Rd7 53. Qe6 Rd5+ 54. Kg6 Rd6 55. h7 Rxe6+ 56. Bxe6 Qf1 57. Bg8 Qf6+ 58. Kh5 Bc1 59. Rg6 Qe5+ 60. Kh4 Bb2 61. Rg4 Kc7 62. Rc4 Qg7 63. g4 Bf6+ 64. Kg3 Qg5 65. Kf3 Kd6 66. Kg3 Be5+ 67. Kf3 c5 68. Re4 Qh6 69. Rc4 Bd4 70. Ke4 Qe3+ 71. Kf5 Qe5+ 72. Kg6 Qf6+ 73. Kh5 Be3 0-1

[Event "CZE-chT2B 1718"]
[Site "Czech Republic"]
[Date "2017.11.05"]
[Round "2.8"]
[White "Kohout, Jan"]
[Black "Havranek, Tomas"]
[Result "1/2-1/2"]
[WhiteElo "1927"]
[BlackElo "2016"]
[PlyCount "84"]
[EventDate "2017.10.15"]
[EventType "team-tourn"]
[EventRounds "11"]
[EventCountry "CZE"]
[SourceTitle "EXT 2022"]
[Source "ChessBase"]
[SourceDate "2021.10.06"]
[SourceVersion "1"]
[SourceVersionDate "2021.10.06"]
[SourceQuality "1"]
[WhiteTeam "Jicin"]
[BlackTeam "Decin"]
[WhiteTeamCountry "CZE"]
[BlackTeamCountry "CZE"]

1. e4 c5 2. Nf3 Nc6 3. Bb5 g6 4. 0-0 Bg7 5. c3 Nf6 6. Re1 0-0 7. d4 cxd4 8. cxd4 a6 9. Bf1 d5 10. e5 Ne4 11. Nc3 Nxc3 12. bxc3 b5 13. Bd2 Na5 14. a4 Bd7 15. axb5 axb5 16. Bd3 Qb6 17. Qe2 Nc4 18. Rab1 Rfc8 19. Bxc4 Rxc4 20. Rb2 Ra5 21. h3 Qa6 22. Rc1 Ra2 23. Bg5 Rxb2 24. Qxb2 f6 25. exf6 exf6 26. Bf4 Bf8 27. Nd2 Ra4 28. Qb3 Bc6 29. Qd1 Bd7 30. Qf3 Qc6 31. Qe3 Ra3 32. Nb1 Ra1 33. Qe1 Bf5 34. Be3 g5 35. Qd1 Bd6 36. Nd2 Ra3 37. Nb3 Qc4 38. Nc5 Rxc3 39. Rxc3 Qxc3 40. g3 b4 41. Qf3 Bxc5 42. Qxd5+ Kg7 1/2-1/2

[Event "CZE-chT2B 1617"]
[Site "Czech Republic"]
[Date "2016.10.30"]
[Round "2.8"]
[White "Kohout, Jan"]
[Black "Janda, Zdenek"]
[Result "1/2-1/2"]
[WhiteElo "1929"]
[BlackElo "2119"]
[PlyCount "63"]
[EventDate "2016.10.09"]
[EventType "team-tourn"]
[EventRounds "11"]
[EventCountry "CZE"]
[SourceTitle "EXT 2022"]
[Source "ChessBase"]
[SourceDate "2021.10.06"]
[SourceVersion "1"]
[SourceVersionDate "2021.10.06"]
[SourceQuality "1"]
[WhiteTeam "Horice"]
[BlackTeam "Decin"]
[WhiteTeamCountry "CZE"]
[BlackTeamCountry "CZE"]

1. e4 d6 2. d4 Nf6 3. Nc3 c6 4. a4 g6 5. Bc4 Bg7 6. Nf3 0-0 7. 0-0 Qc7 8. e5 dxe5 9. Nxe5 Nbd7 10. Qe2 Nb6 11. Bb3 Nbd5 12. Nxd5 cxd5 13. c3 a5 14. Re1 e6 15. Bc2 b6 16. Bd3 Bb7 17. h3 Ne4 18. Bf4 Qe7 19. Bxe4 dxe4 20. Qb5 f6 21. Qd7 Rfe8 22. Qxe7 Rxe7 23. Nc4 Rc8 24. Nd6 Rc6 25. Nxb7 Rxb7 26. Rxe4 b5 27. axb5 Rxb5 28. Re2 g5 29. Bc1 Kf7 30. Kf1 Kg6 31. Ke1 f5 32. Ra4 1/2-1/2

[Event "CZE-chT2D 1415"]
[Site "Czech Republic"]
[Date "2015.02.08"]
[Round "7.7"]
[White "Kohout, Jan"]
[Black "Bauer, Jindrich"]
[Result "0-1"]
[WhiteElo "1964"]
[BlackElo "2050"]
[PlyCount "80"]
[EventDate "2014.11.02"]
[EventType "team-tourn"]
[EventRounds "11"]
[EventCountry "CZE"]
[SourceTitle "EXT 2022"]
[Source "ChessBase"]
[SourceDate "2021.10.06"]
[SourceVersion "1"]
[SourceVersionDate "2021.10.06"]
[SourceQuality "1"]
[WhiteTeam "Jicin II"]
[BlackTeam "Polabiny II"]
[WhiteTeamCountry "CZE"]
[BlackTeamCountry "CZE"]

1. e4 c5 2. Nf3 d6 3. d4 cxd4 4. Nxd4 Nf6 5. Nc3 a6 6. g3 e5 7. Nb3 Be6 8. Bg2 b5 9. 0-0 Nbd7 10. Nd5 Rc8 11. c3 Nb6 12. Nxb6 Qxb6 13. h3 Be7 14. Re1 0-0 15. Be3 Qb7 16. Bg5 Rfd8 17. Bxf6 Bxf6 18. Qe2 g6 19. Rad1 Qc7 20. Qf3 Bg7 21. Qe3 a5 22. Kh2 a4 23. Nc1 a3 24. bxa3 Qxc3 25. Rd3 Qa5 26. Red1 Bf8 27. f4 Bc4 28. Rc3 Qa4 29. Rd2 Be6 30. Rdd3 Rxc3 31. Rxc3 exf4 32. gxf4 Bh6 33. Ne2 Bxa2 34. Qb6 Rf8 35. Qxd6 Bc4 36. Ng3 Qa5 37. Qb4 Qxb4 38. axb4 Bxf4 39. Rc2 Rd8 40. Rf2 Be5 0-1

[Event "CZE-chT2D 1415"]
[Site "Czech Republic"]
[Date "2014.11.16"]
[Round "2.7"]
[White "Kohout, Jan"]
[Black "Dosedel, Jiri"]
[Result "1/2-1/2"]
[WhiteElo "1964"]
[BlackElo "2043"]
[PlyCount "29"]
[EventDate "2014.11.02"]
[EventType "team-tourn"]
[EventRounds "11"]
[EventCountry "CZE"]
[SourceTitle "EXT 2022"]
[Source "ChessBase"]
[SourceDate "2021.10.06"]
[SourceVersion "1"]
[SourceVersionDate "2021.10.06"]
[SourceQuality "1"]
[WhiteTeam "Jicin II"]
[BlackTeam "Vysoke Myto"]
[WhiteTeamCountry "CZE"]
[BlackTeamCountry "CZE"]

1. e4 d6 2. d4 g6 3. Nc3 Nf6 4. Be2 c6 5. a4 Bg7 6. Nf3 0-0 7. 0-0 Bg4 8. h3 Bxf3 9. Bxf3 Qc7 10. Be3 Nbd7 11. Qd2 e5 12. Ra3 Rfe8 13. Rb3 b6 14. Rd1 Rac8 15. dxe5 1/2-1/2

[Event "Liberec op"]
[Site "Liberec"]
[Date "2007.11.16"]
[Round "8"]
[White "Van Kesteren, Stef"]
[Black "Kohout, Jan"]
[Result "1/2-1/2"]
[WhiteElo "1864"]
[BlackElo "2031"]
[PlyCount "45"]
[EventDate "2007.11.10"]
[EventType "swiss"]
[EventRounds "9"]
[EventCountry "CZE"]
[SourceTitle "CBM 121 Extra"]
[Source "ChessBase"]
[SourceDate "2008.01.10"]
[SourceVersion "1"]
[SourceVersionDate "2008.01.10"]
[SourceQuality "1"]

1. e4 c5 2. c3 g6 3. Nf3 Bg7 4. d4 cxd4 5. cxd4 d5 6. e5 a6 7. Bd3 Nc6 8. Nc3 Nh6 9. 0-0 0-0 10. h3 Nf5 11. Ne2 f6 12. g4 Nh6 13. exf6 exf6 14. Be3 f5 15. g5 Nf7 16. h4 Nd6 17. Rc1 Ne4 18. Nf4 Kh8 19. Qb3 Ne7 20. Ne5 Qd6 21. Nf3 Rd8 22. Rc2 Nc6 23. Qb6 1/2-1/2

[Event "Cesky Krumlov op 1st"]
[Site "Cesky Krumlov"]
[Date "2007.10.18"]
[Round "7"]
[White "Kohout, Jan"]
[Black "Brazda, Antonin"]
[Result "1/2-1/2"]
[WhiteElo "2031"]
[BlackElo "1880"]
[PlyCount "54"]
[EventDate "2007.10.13"]
[EventType "swiss"]
[EventRounds "9"]
[EventCountry "CZE"]
[SourceTitle "EXT 2008"]
[Source "ChessBase"]
[SourceDate "2007.11.25"]
[SourceVersion "1"]
[SourceVersionDate "2007.11.25"]
[SourceQuality "1"]

1. e4 d5 2. exd5 Qxd5 3. d4 e6 4. Nf3 Nf6 5. Be3 Be7 6. Be2 Qd8 7. 0-0 b6 8. c3 0-0 9. Nbd2 Bb7 10. Qc2 Nd5 11. Bd3 h6 12. Ne5 Nxe3 13. fxe3 Bf6 14. Nef3 Nd7 15. Rac1 c5 16. Ne4 Be7 17. Rf2 a6 18. Rcf1 b5 19. dxc5 Nxc5 20. Nxc5 Bxc5 21. Nd4 Qc7 22. Kh1 Bd6 23. a3 Rae8 24. Nf3 e5 25. Be4 Bc5 26. Re2 Bc8 27. Bd5 Be6 1/2-1/2

[Event "Liberec op"]
[Site "Liberec"]
[Date "2006.11.14"]
[Round "4"]
[White "Staberhofer, Rainer"]
[Black "Kohout, Jan"]
[Result "1/2-1/2"]
[WhiteElo "2211"]
[BlackElo "2001"]
[PlyCount "67"]
[EventDate "2006.11.11"]
[EventType "swiss"]
[EventRounds "9"]
[EventCountry "CZE"]
[SourceTitle "CBM 115 Extra"]
[Source "ChessBase"]
[SourceDate "2007.01.10"]
[SourceVersion "1"]
[SourceVersionDate "2007.01.10"]
[SourceQuality "1"]

1. d4 Nf6 2. Nf3 c5 3. c3 e6 4. Bf4 Nc6 5. e3 d5 6. Nbd2 Bd6 7. Bg5 cxd4 8. exd4 0-0 9. Bd3 Be7 10. Rc1 Bd7 11. Bb1 Rc8 12. a3 g6 13. 0-0 Nh5 14. h4 f5 15. Re1 Nf6 16. Bxf6 Bxf6 17. g3 Rc7 18. Ne5 Nxe5 19. dxe5 Be7 20. Nf3 Bc5 21. Qd2 Kg7 22. Rcd1 h6 23. Bd3 Bc6 24. Nd4 Bd7 25. Kg2 a6 26. Bb1 Qe7 27. h5 g5 28. Qe2 g4 29. f3 gxf3+ 30. Qxf3 Qg5 31. Bd3 Bxd4 32. cxd4 Be8 33. Rh1 Bb5 34. Bb1 1/2-1/2

[Event "Liberec op"]
[Site "Liberec"]
[Date "2005.10.23"]
[Round "2"]
[White "Kohout, Jan"]
[Black "Schula, Michal"]
[Result "0-1"]
[WhiteElo "2010"]
[BlackElo "2245"]
[PlyCount "70"]
[EventDate "2005.10.22"]
[EventType "swiss"]
[EventRounds "9"]
[EventCountry "CZE"]
[SourceTitle "EXT 2006"]
[Source "ChessBase"]
[SourceDate "2005.11.24"]
[SourceVersion "1"]
[SourceVersionDate "2005.11.24"]
[SourceQuality "1"]

1. e4 c5 2. d3 Nc6 3. g3 d5 4. Nd2 Nf6 5. Bg2 e5 6. Ne2 h5 7. h4 Be6 8. 0-0 Qd7 9. f4 Bg4 10. Bf3 dxe4 11. Bxe4 exf4 12. Qe1 0-0-0 13. Nc4 Nxe4 14. dxe4 f3 15. Nc3 Qd4+ 16. Ne3 Bd6 17. Qf2 Qe5 18. Nxg4 hxg4 19. Bf4 Qd4 20. Be3 Qc4 21. Rad1 Be5 22. Bxc5 Bxg3 23. Qxg3 Qxc5+ 24. Rf2 Rxd1+ 25. Nxd1 Ne5 26. Nc3 Qe7 27. Rh2 Qc5+ 28. Rf2 f6 29. Nd5 Qd4 30. Ne7+ Kd7 31. Nf5 Qxe4 32. Nxg7 Qe1+ 33. Kh2 Kc8 34. Nf5 Rd8 35. h5 Rd1 0-1

[Event "CZE-chTV 0001"]
[Site "Czech Republic"]
[Date "2001.??.??"]
[Round "7"]
[White "Kohout, Jan"]
[Black "Riha, Jaroslav"]
[Result "1-0"]
[WhiteElo "1955"]
[BlackElo "2095"]
[PlyCount "79"]
[EventDate "2000.??.??"]
[EventType "team"]
[EventRounds "11"]
[EventCountry "CZE"]
[SourceTitle "EXT 2003"]
[Source "ChessBase"]
[SourceDate "2002.11.25"]
[SourceVersion "1"]
[SourceVersionDate "2002.11.25"]
[SourceQuality "1"]

1. c4 Nf6 2. g3 g6 3. Bg2 Bg7 4. Nc3 0-0 5. Nf3 d6 6. 0-0 Nc6 7. b3 a6 8. Bb2 Rb8 9. Rc1 Bh6 10. e3 Bg4 11. h3 Bd7 12. d4 Bg7 13. d5 Na5 14. Ne2 c5 15. dxc6 Nxc6 16. Nfd4 Qa5 17. Bc3 Qh5 18. Nf4 Qg5 19. Nf3 Qc5 20. Nd3 Qb6 21. c5 Qc7 22. cxd6 Qxd6 23. Nfe5 Rbd8 24. Nc4 Qb8 25. Qe2 b5 26. Nce5 Nxe5 27. Bxe5 Qa7 28. Rc7 Qb6 29. Rfc1 Ne8 30. Rb7 Qa5 31. Bxg7 Kxg7 32. Qb2+ Kg8 33. b4 Bc8 34. bxa5 Bxb7 35. Bxb7 Rxd3 36. Bxa6 Nd6 37. Bxb5 Rb8 38. a4 Ne4 39. Rc8+ Rxc8 40. Bxd3 1-0

[Event "CZE-chTV 0001"]
[Site "Czech Republic"]
[Date "2001.??.??"]
[Round "7"]
[White "Novak, Ales"]
[Black "Kohout, Jan"]
[Result "0-1"]
[WhiteElo "1950"]
[BlackElo "1955"]
[PlyCount "54"]
[EventDate "2000.??.??"]
[EventType "team"]
[EventRounds "11"]
[EventCountry "CZE"]
[SourceTitle "EXT 2003"]
[Source "ChessBase"]
[SourceDate "2002.11.25"]
[SourceVersion "1"]
[SourceVersionDate "2002.11.25"]
[SourceQuality "1"]

1. e4 d6 2. d4 Nf6 3. Nc3 g6 4. Nf3 Bg7 5. Bd3 0-0 6. 0-0 c6 7. Be3 Qc7 8. Re1 e5 9. h3 b5 10. a3 a6 11. Qd2 Re8 12. Rad1 Nbd7 13. dxe5 dxe5 14. Bf1 Bf8 15. Bg5 Bb7 16. Re3 Be7 17. Ne1 Rad8 18. Qe2 Nc5 19. Rxd8 Rxd8 20. Qf3 Kg7 21. Bd3 Ne6 22. Bh4 Nd4 23. Bxf6+ Bxf6 24. Qg3 Qe7 25. Nf3 c5 26. Nd5 Bxd5 27. Nxd4 exd4 0-1

[Event "CZE-chTV 0001"]
[Site "Czech Republic"]
[Date "2000.??.??"]
[Round "7"]
[White "Cervenka, Jan"]
[Black "Kohout, Jan"]
[Result "1-0"]
[WhiteElo "2010"]
[BlackElo "1955"]
[PlyCount "71"]
[EventDate "2000.??.??"]
[EventType "team"]
[EventRounds "11"]
[EventCountry "CZE"]
[SourceTitle "EXT 2003"]
[Source "ChessBase"]
[SourceDate "2002.11.25"]
[SourceVersion "1"]
[SourceVersionDate "2002.11.25"]
[SourceQuality "1"]

1. e4 e6 2. d4 d5 3. Nc3 Bb4 4. e5 c5 5. a3 Bxc3+ 6. bxc3 Ne7 7. Nf3 Nbc6 8. Bb5 Bd7 9. 0-0 Nxe5 10. Nxe5 Bxb5 11. Re1 b6 12. Qg4 0-0 13. Bg5 Qe8 14. Bxe7 Qxe7 15. Re3 Rac8 16. dxc5 Rxc5 17. Rae1 Rfc8 18. Qd4 Qc7 19. Rg3 f5 20. Ree3 Rf8 21. f4 Rf6 22. Nd7 Rf7 23. Nxc5 bxc5 24. Qe5 Qxe5 25. Rxe5 Bd7 26. c4 Bc6 27. Rxe6 Bd7 28. Re5 dxc4 29. Rxc5 Be6 30. Re3 Rf6 31. Rc7 Rf7 32. Rxf7 Kxf7 33. Re5 Ke7 34. Ra5 Kd6 35. Kf2 c3 36. Ke3 1-0

[Event "CZE-chTV 0001"]
[Site "Czech Republic"]
[Date "2000.??.??"]
[Round "7"]
[White "Strnad, Josef"]
[Black "Kohout, Jan"]
[Result "1-0"]
[WhiteElo "1920"]
[BlackElo "1955"]
[PlyCount "59"]
[EventDate "2000.??.??"]
[EventType "team"]
[EventRounds "11"]
[EventCountry "CZE"]
[SourceTitle "EXT 2002"]
[Source "ChessBase"]
[SourceDate "2001.11.25"]
[SourceVersion "1"]
[SourceVersionDate "2001.11.25"]
[SourceQuality "1"]

1. Nf3 Nf6 2. g3 e6 3. Bg2 d5 4. d4 Be7 5. 0-0 0-0 6. b3 b6 7. c4 Bb7 8. Bb2 Nbd7 9. Nbd2 Rc8 10. Rc1 Re8 11. Re1 h6 12. e3 Bd6 13. Ne5 c5 14. f4 Qe7 15. Ndf3 cxd4 16. exd4 Ba3 17. Bxa3 Qxa3 18. g4 Nxe5 19. Nxe5 Ne4 20. g5 hxg5 21. Bxe4 dxe4 22. fxg5 g6 23. Rf1 Rc7 24. Qe1 e3 25. Qxe3 Qxa2 26. Rf2 Qa3 27. Rcf1 Ree7 28. Nxg6 fxg6 29. Rf8+ Kg7 30. Qe5+ 1-0